Cities to Countries - South America - Statistics

General Stats
  • This quiz has been taken 33 times
  • The average score is 11 of 12
Answer Stats
City Country % Correct
São Paulo Brazil
100%
Bogotá Colombia
100%
Rosario Argentina
96%
Asunción Paraguay
96%
Cochabamba Bolivia
93%
Guayaquil Ecuador
93%
Maracaibo Venezuela
93%
Concepción Chile
89%
Georgetown Guyana
89%
Trujillo Peru
89%
Lelydorp Suriname
85%
Salto Uruguay
81%
No matching quizzes found
Score Distribution
Percent of People with Each Score
Percentile by Number Answered
Your Score History
You have not taken this quiz